Регионална библиотека "Любен Каравелов" - Русе

Художественото наследство на манастира Зограф (Запис номер 94174)

MARC детайли
000 -Лидер
Контролно поле с фиксирана дължина 01604nam a2200373 c 4500
003 - Код на организацията, давaща контролен номер
Контролно поле BLK
005 - Дата и час на последна редакция
Контролно поле 20230803101637.0
008 - Елементи от данни с фиксирана дължина
fixed length control field 180408b bul|||||r ||||||| ||bul||
010 ## - Наследен системен номер
LC control number KNG00098992000
040 ## - Източник на каталожния запис
Идентификатор на билиотеката - собственик на записа BLK
041 ## - Код за език
Код за езика на текст/звукозапис или на отделно заглавие Български
Код за езика КДБФ Български
080 ## - УДК
Текстов определител УДК Религиозна живопис
УДК код - определител по УДК 75.046
УДК определител (497.2)
УДК - код + определител 75.046(497.2)
080 ## - УДК
Текстов определител УДК Църковна архитектура
УДК код - определител по УДК 726
УДК определител (497.2)
УДК - код + определител 726(497.2)
100 ## - Редна дума - Автор
Автор Божков, Атанас Димитров
Дати, свързани с автора 1929-1995
Авторска отговорност първи автор
R(LIN) 244707
139 ## - Редно поле
Редна дума Божков, Атанас Димитров и др.
Авторски знак Божк - Б 57
245 10 - Сведения за заглавието
Заглавие Художественото наследство на манастира Зограф
Редно поле (дума) Атанас Димитров Божков; съавт. Асен Петров Василиев.
257 ## - Страна на издаване
Страна на създаване/издаване България
260 ## - Област на издателските данни
-- София
Име на издателя, разпространителя и проч. Наука и изкуство
Година на издаване 1981
300 ## - Физическа характеристика
Страници 483 с.
Илюстрации и др. с ил.
Размери/Мащаб 29 см
380 ## - Жанр
Жанр Изкуство
500 ## - Общи забележки
Забележка 4 130 тир. - Библиогр. с. 421-436. - Рез. на рус., нем., англ. ез. - Именен, геогр., предм. показалци.
650 #4 - Допълнително описание по предмет – тема
Основно описание – тема или топоним Манастири
9 (RLIN) 161096
650 #4 - Допълнително описание по предмет – тема
Основно описание – тема или топоним Икони
9 (RLIN) 156807
653 ## - Ключова дума – ненормативна
Ключова дума Света гора
653 ## - Ключова дума – ненормативна
Ключова дума манастири
653 ## - Ключова дума – ненормативна
Ключова дума икони
700 1# - Други автори (авторска отговорност)
Лично име Василиев, Асен Петров
Автороска отговорност (Описва отношението между автора и произведението) съавт.
9 (RLIN) 373949
852 ## - Местоположение
Форматна сигнатура Цб ІІ 6172
856 4# - Електронен адрес и достъп
Електронен формат pdf - файл
Път до файла /url/
856 4# - Електронен адрес и достъп
Електронен формат pdf - файл
Път до файла /url/
942 ## - АРТИКУЛИ
Вид на библиотечния материал Книги
Скрит в OPAC Не
Koha issues (borrowed), all copies 1
944 ## - СЪЗДАВАНЕ И РЕДАКЦИЯ на ЗАПИСА
Създаване/Редакция Създаване
Дата на регистрацията/редакция 20.01.2011
Статус, дата на статуса Теодора Пейчева-Дянкова
Служител, извършил регистрацията/редакцията 30556
944 ## - СЪЗДАВАНЕ И РЕДАКЦИЯ на ЗАПИСА
Създаване/Редакция Редакция
Дата на регистрацията/редакция 09.11.2012
Статус, дата на статуса добави в АБ / 19.01.2011
Служител, извършил регистрацията/редакцията
999 ## - СИСТЕМНИ КОНТРОЛНИ НОМЕРА
Koha biblionumber 94174
Koha biblioitemnumber 94174
Наличности
Код за отписване Код за изгубен артикул Източник на класификационната схема Код за повреда Коз за рестрикции Код за отдаване Артикулен № Име на библиотеката - собственик Име на библиотеката, в която се намира в момента Статус (Текущо местоположение) Дата на вписване в системата Местоположение - отдел Цена в лева Инвентарен номер Систематично азбучна сигнатура Баркод Номер на екземпляра Цена в евро Служебна бележка Служебен тип на артикула
  Не е изгубен Universal Decimal Classification Не е повреден без рестрикции заемане за дома 151257 Регионална библиотека "Любен Каравелов" Русе Регионална библиотека "Любен Каравелов" Русе Отдел Изкуство - подръчен фонд 1981-01-01 Отдел Изкуство - подръчен фонд 18.00 541999 75.04/Б 57 120000541999 1 9.20 N: стар фонд Дата: 01.01.1981 Дата инв: 07.06.2012 Бележки инв: * Книги
  Не е изгубен Universal Decimal Classification Не е повреден само за читалня ползва се в читалня 151258 Регионална библиотека "Любен Каравелов" Русе Регионална библиотека "Любен Каравелов" Русе Хранилище 1981-01-01 Хранилище 18.00 341093 Цб ІІ 6172 120000341093 2 9.20 Дост: Dp Вид: Д N: стар фонд Дата: 01.01.1981 Книги
Vip Innovations Ltd, Rousse, Bulgaria 2025